000 004490000a22001810004500
003 MACL
005 20160113123749.0
008 160113b xxu||||| |||| 00| 0 eng d
040 _aMACL
_cMACL
041 _aEnglish
082 _a954/SID
100 _aSidhanta, N K
_931657
245 _aThe Heroic Age Of India
260 _bAsian Publication Services
_c1977
_aNew Delhi
350 _a60
650 _aHistory
_931658
942 _cBK
_k954/SID
_2ddc
999 _c37237
_d37237